Kapitalanlagen der Lebensversicherungen im Wandel.
Novela zákona o poisťovníctve v SRN a rozšírenie možností vkladov. Prvé miesto nemeckých reálnych rendít v Európe a ich porovnanie s britskými. Rozhodujúca úloha majetkových vkladov v aktívach. Strategická a taktická alokácia aktív. Odvodené finančné nástroje. Spolupráca poisťovní s bankami.
Salvato in:
| Autore principale: | |
|---|---|
| Natura: | Capitolo di libro |
| Lingua: | tedesco |
| Soggetti: | |
| Tags: |
Nessun Tag, puoi essere il primo ad aggiungerne!!
|
MARC
| LEADER | 00000naa a2200000 4500 | ||
|---|---|---|---|
| 001 | r010546 | ||
| 005 | 20221208123443.9 | ||
| 041 | 0 | |a ger | |
| 044 | |a DE | ||
| 245 | 1 | 0 | |a Kapitalanlagen der Lebensversicherungen im Wandel. |c H. Forst |
| 520 | |a Novela zákona o poisťovníctve v SRN a rozšírenie možností vkladov. Prvé miesto nemeckých reálnych rendít v Európe a ich porovnanie s britskými. Rozhodujúca úloha majetkových vkladov v aktívach. Strategická a taktická alokácia aktív. Odvodené finančné nástroje. Spolupráca poisťovní s bankami. | ||
| 610 | 2 | 0 | |a zákony |
| 610 | 2 | 0 | |a poisťovníctvo |
| 610 | 2 | 0 | |a Nemecko |
| 610 | 2 | 0 | |a vklady |
| 610 | 2 | 0 | |a rendita |
| 610 | 2 | 0 | |a banky |
| 610 | 2 | 0 | |a nástroje finančné |
| 610 | 2 | 0 | |a kooperácia |
| 610 | 2 | 0 | |a poistenie životné |
| 610 | 2 | 0 | |a investície |
| 100 | 1 | |a Forst, H. | |